Small industry entrepreneurs handbook (Record no. 23148)

MARC details
000 -LEADER
fixed length control field 00293nam a2200109Ia 4500
082 ## - DEWEY DECIMAL CLASSIFICATION NUMBER
Classification number 338.93(035)
Item number MEH
100 ## - MAIN ENTRY--AUTHOR NAME
Personal name Mehan, K K
245 #0 - TITLE STATEMENT
Title Small industry entrepreneurs handbook
260 ## - PUBLICATION, DISTRIBUTION, ETC. (IMPRINT)
Place of publication Bombay
Name of publisher Productivity services
Year of publication 1973
942 ## - ADDED ENTRY ELEMENTS (KOHA)
Koha item type Books
Holdings
Withdrawn status Lost status Damaged status Not for loan Home library Current library Date acquired Full call number Accession Number Koha item type
        RRII Library RRII Library 16/12/2021 338.93(035) MEH 03850 Books